LEADER 01249nam a2200277 u 4500 001 000000033058 003 CaOOAMICUS 005 20070226112324.0 008 971027s1969 it u000 u ita u 035 $a10774495 040 $aPUL$bita 041 1 $aita$hfre 100 1 $aLagrange, Marie-Joseph,$cO.P.,$d1855-1938.$0(OLS)http://pul/name/3336 240 10$aPère Lagrange au service de la Bible.$lItaliano.$0(OLS)http://pul/title/45540 245 13$aIl padre Lagrange al servizio della Bibbia :$bricordi personali /$c[M.J. Lagrange] ; prefazione di p. Benoit, O.P. .. 260 $aBrescia :$bMorcelliana,$cc1969. 300 $a456 p. ;$c21 cm 500 $a"Indici": p. 443-456. 600 14$aLagrange, Marie-Joseph,$cO.P.,$d1855-1938.$0(OLS)http://pul/subject/17379 700 1 $aBenoît, Pierre,$cO.P.,$d1906-1987.$0(OLS)http://pul/name/7251 850 $aPUL 852 $aPUL$W1$xCollocazioni Temporanee$y24$m10(2)C.5$j45435$nBK-PRI$b $qStampati$B45435$CPULBib$Z2$F45435 $H $81 941 1 $a8 961 $aINV: 35545. 996 $6245$aIl padre Lagrange al servizio della Bibbia :$bricordi personali$9(OLS)http://pul/title/45541 996 $6260$aBrescia :$bMorcelliana$9(OLS)http://pul/publisher/47854 LEADER 01037nam a2200217 i 4500 001 000000119846 003 CaOOAMICUS 005 20100210095223.0 008 100210s1901 mauaf 000 0 eng r 040 $aPUL$bita$dMCT 245 00$aJonathan Edwards :$ba retrospect being the addresses delivered ... /$cedited by H. Norman Gardiner. 260 $aBoston and New York :$bHoughton Mifflin Company,$c1901. 300 $axvi, 168 p., [1] c. di tav. :$bill. ;$c20 cm 600 14$aEdwards, Jonathan,$d1703-1758.$0(OLS)http://pul/subject/33181 650 04$aCalvinismo$xautori calvinisti$zsec.XVI-XIX.$0(OLS)http://pul/subject/33182 700 1 $aGardiner, H. Norman.$0(OLS)http://pul/name/74945 850 $aPUL 852 $aPUL$W1$xDP1 Filosofia 1$y19$m589 I 18$j137487$qStampati$B136585$CPULBib$Z2$F136585 $82 941 1 $a8 996 $6245$aJonathan Edwards :$ba retrospect being the addresses delivered ...$9(OLS)http://pul/title/150794 996 $6260$aBoston and New York :$bHoughton Mifflin Company$9(OLS)http://pul/publisher/73136